000
00262nam a2200109Ia 4500
008
220204s9999 xx 000 0 und d
082
_a
37.048.4
_b
BHA
100
_a
Bhalla, P P
245
0
_a
Careers for young people
260
_a
Bombay
_b
Jaico
_c
1978
942
_c
BK
999
_c
31080
_d
31080